| 000 | 01314cab a2200325 4500 | ||
|---|---|---|---|
| 001 | ABS54361 | ||
| 008 | 090401t1995 xxu||||| |||| 00| 0 eng d | ||
| 035 | _a(Sirsi) u9967 | ||
| 041 | _aeng | ||
| 100 | _aBrearley, J.S. | ||
| 245 | _aPublic welfare v `natural use` of land as the basis for liability in environmental damage cases: some perspectives on the past and possible future role of tortious remedies | ||
| 260 | _c1995 | ||
| 350 | _a0 | ||
| 490 |
_aJournal of Environmental Law _v7(2) 1995, 119-136(18) |
||
| 520 | _aExamines issues raised by the "Cambridge Water Co Ltd v Eastern Counties Leather plc" including forseeability, allocation of liability for historic pollution, insurance cover, and `public welfare` v `over-riding` public theory. Tortious remedies available for dealing with environmental damage are discussed. | ||
| 650 | _aCAMBRIDGE WATER CO LTD V EASTERN COUNTIES LEATHER PLC | ||
| 650 | _aDUTY OF CARE | ||
| 650 | _aENVIRONMENTAL DAMAGE | ||
| 650 | _aENVIRONMENTAL POLLUTION | ||
| 650 | _aFORESEEABILITY | ||
| 650 | _aHISTORIC POLLUTION | ||
| 650 | _aOVERRIDING PUBLIC INTEREST | ||
| 650 | _aPUBLIC INTEREST | ||
| 650 | _aRYLANDS V FLETCHER | ||
| 650 | _aSTRICT LIABILITY | ||
| 650 | _aWIGAN MOUNT NO 2 | ||
| 690 | _aLAND | ||
| 942 | _n0 | ||
| 948 | _c04/03/1997 | ||
| 999 |
_c6269 _d6269 |
||